00563nam a2200205 a 4500001001300000003000900013005001700022008004100039020000800080082002100088100001800109245005800127260003900185300000800224500003500232505002400267650003500291650001300326700001800339nice12345678IN_TiNIC20260116013453.0050524s1985 bana grp 000 0 eng  ac200a324.245408bSES1 aSeshadri, H V aChristian Missions in Bharatb Some Questions to Pope aBangalorebJagrana Prakashanc1985 a35p aincludes index and biblioraphy2 aBibliography, Index aReligious Fundamentalism-Hindu aMissions1 aSeshadri, H V